000 01360nam a2200361 i 4500
001 197908
003 ES-MaACL
005 20251105063139.0
008 250611e1950 sp a|||| |||| 001 1 spa d
040 _aES-MaACL
_bspa
_cES-MaACL
_erda
080 _a616.891.6
080 _a159.923.2
100 1 _aMartínez, José Julio
_9242447
240 0 0 _aHow to stop worring and start living.
_lEspañol
245 1 0 _aPara quitar preocupaciones :
_béste es el libro HOW TO STOP WORRING AND START LIVING, compuesto por Dale Cornegie /
_ccondensado y adaptado al lector español por el P. José Julio Martínez, S.J.
264 1 _aBilbao :
_bEl Mensajero del Corazón de Jesús,
_c1952
300 _a63 páginas :
_bilustraciones ;
_c17 cm.
336 _2rdacontent
_atexto
337 _2rdamedia
_asin mediación
338 _2rdacarrier
_avolumen
490 0 _aDe broma y de veras ;
_vnúmero 478
500 _aÍndice
650 4 _9154650
_aAnsiedad
650 4 _910421
_aAutoayuda
700 1 _9242446
_aCornegie, Dale
852 _aES-MaACL
_cDEPO1
_jA-15601(4)
_hDonación: José Lázaro García
_xHolandesa
_9206873
903 _9234219
_aLázaro García, José
_ednr
942 _n0
_cMONOGRAFIA
999 _c197908
_d197908